| 000 | 00355nam a2200145Ia 4500 | ||
|---|---|---|---|
| 008 | 230917s9999||||xx |||||||||||||| ||und|| | ||
| 040 |
_e46543 _aMAIN |
||
| 041 | _aEnglish | ||
| 082 | _a821.8 E46O | ||
| 100 | _aEliot, T S | ||
| 245 | 0 | _aOld Possum's book of practical cats | |
| 260 |
_aLondon _bFaber and Faber _c1964 |
||
| 300 | _a59 p. | ||
| 942 | _cBK | ||
| 999 |
_c115979 _d115979 |
||